| 000 | 00488nam a22001697a 4500 | ||
|---|---|---|---|
| 003 | NUST - PNEC | ||
| 005 | 20170116181144.0 | ||
| 008 | 151008b xxu||||| |||| 00| 0 eng d | ||
| 020 | _a812072481X | ||
| 040 | _cLIBRARY | ||
| 082 | _a808.84 SAR | ||
| 100 |
_914873 _aSarada, M. |
||
| 245 |
_aThe sterling book of paragraph to essay writing advanced writing skills english _cM. Sarada |
||
| 260 | _cc.2003 | ||
| 650 |
_914875 _aEnglish language--Paragraphs _xGeneral |
||
| 942 |
_2ddc _cBK |
||
| 999 |
_c70623 _d70623 |
||